Stati per popolazione - Africa - Statistics

Statistiche generali
  • Questo quiz è stato fatto 23 volte
  • Il punteggio medio è 8 su 10
Statistiche sulle risposte
Popolazione (ab.) Nazione % Corretto
111 942 661 Egitto
100%
45 606 481 Algeria
95%
126 527 060 Etiopia
95%
223 804 632 Nigeria
95%
102 262 809 Repubblica Democratica del Congo
95%
59 414 495 Sudafrica
95%
55 100 587 Kenya
85%
48 109 006 Sudan
65%
67 438 106 Tanzania
50%
48 582 334 Uganda
40%
Nessun quiz corrispondente trovato
Distribuzione punteggi
Percentuale di utenti per punteggio
Percentile per numero di risposta
I tuoi punteggi nel tempo
Non hai fatto questo quiz